Les Meilleurs buteurs de la Serie A 2017-2018 - Statistiques

Statistiques générales
  • Ce quiz a été pris 28 fois
  • Le résultat moyen est 7 sur 12
Statistiques - réponses
Buts Nationalité Club Joueur % Correct
29 Italie SS Lazio Ciro Immobile
100%
18 Belgique SSC Naples Dries Mertens
100%
22 Argentine Juventus Paulo Dybala
96%
16 Bosnie-Herzégovine AS Rome Edin Džeko
89%
16 Argentine Juventus Gonzalo Higuaín
89%
19 Italie Sampdoria Fabio Quagliarella
70%
29 Argentine Inter Milan Mauro Icardi
67%
12 Serbie SS Lazio Sergej Milinković-Savić
56%
14 Argentine Fiorentina Giovanni Simeone
19%
12 Espagne Torino Iago Falqué
4%
12 Italie Udinese Kevin Lasagna
4%
12 Italie Chievo Vérone Roberto Inglese
0%
Aucun quiz correspondant
Distribution des résultats
% des personnes avec chaque résultat
Percentile par nombre de réponses
Votre historique - résultats
Vous n’avez pas pris ce quiz